000 01563nam a2200313 a 4500
003 OSt
005 20250922135822.0
007 cr ||||||a|a|a
008 250819s2025 mx a|||fom||| 001 0 spa d
040 _erda
100 1 _aSánchez López, Zaira Geraldine
_9191066
245 1 0 _aControl del hongo causante de la Cenicilla del rosal mediante actinobacterias /
_cpor Zaira Geraldine Sánchez López; director de tesis Patricia Rivas Valencia; secretario María de los Ángeles Rodríguez Elizalde; vocal Rogelio Castro Brindis; suplente Leticia Robles Yerena; suplente Mariana Guadalupe Sánchez Alonso.
264 1 _aChapingo, México :
_bEl autor,
_c2025.
300 _a1 recurso en línea (105 páginas):
_bcuadros, figuras.
336 _2rdacontent
_atexto
_btxt
337 _2rdamedia
_acomputadora
_bc
338 _2rdacarrier
_arecurso en línea
_bcr
502 _bIAEF
_cFitotecnia
_d2025.
_gLIC
504 _aIncluye referencias bibliográficas:86-93 páginas .
650 4 _aHongos fitopatógenos
_xControl
_9129457
650 4 _aRosas
_xEnfermedades por hongos
_999968
700 1 _aRivas Valencia, Patricia
_9186178
_edirector.
700 1 _aRodríguez Elizalde, María de los Angeles
_998460
_esecretario.
700 1 _aCastro Brindis, Rogelio
_920333
_evocal.
700 1 _aRobles Yerena, Leticia
_9186162
_esuplente.
700 1 _aSánchez Alonso, Mariana Guadalupe
_9132865
_esuplente.
856 _uhttp://10.13.5.2/tesis/tl/1612258-3_SANCHEZ_LOPEZ_ZAIRAGERALDINE.pdf
_zDESCARGAR PDF
942 _2Clasificación Universidad Autónoma Chapingo
_cTD
999 _c220831
_d220831